Science Quiz

Random Science or Astronomy Quiz
Score 0/7 Timer 01:00
0 Plays Today
Planet Moon % Correct
JupiterIo
96.4%
SaturnTitan
95.2%
EarthMoon
92.9%
JupiterEuropa
92.9%
JupiterGanymede
89.3%
NeptuneTriton
84.5%
JupiterCallisto
83.3%

You're not logged in!

Compare scores with friends on all Sporcle quizzes.
OR
Log In

Sporcle TV

Today on Sporcle TV


Watch our educational content, quiz creation guides, and fun videos on Sporcle TV.

Show Comments

Extras

Top Quizzes Today


Score Distribution

Paid Content

Your Account Isn't Verified!

In order to create a playlist on Sporcle, you need to verify the email address you used during registration. Go to your Sporcle Settings to finish the process.

Report this User

Report this user for behavior that violates our Community Guidelines.

Details: